000 00508cam a22001337a 4500
008 180718b2010 xxu||||| |||| 00| 0 eng d
082 _aAPPPA 2009-10/KAS
100 _aKashyup, Satish Kumar
245 _aLine capacity gains through higher freight train speeds in Indian railways
_cby Satish Kumar Kashyup
260 _aNew Delhi
_bIndian Institute of Public Administration
_c2010
300 _a113p.
500 _aAn APPPA M.Phil dissertation, 2009-10 (Guide: Prof. K.K. Pandey)
650 _aRailroads -India
999 _c501988
_d501988